000 00380pab a2200145 454500
008 180718b2004 xxu||||| |||| 00| 0 eng d
100 _aSpear, Roger
245 _aGovernance in democratic member-based organisations
260 _c2004
300 _ap.33-59.
362 _aMar
650 _aCooperatives
773 _aAnnals of Public and Cooperative Economics
909 _a61063
999 _c61063
_d61063